| 000 | 00952nas a2200277 4500 | ||
|---|---|---|---|
| 001 | BR8401507 | ||
| 003 | BR-BrBNA | ||
| 005 | 20231205085837.0 | ||
| 007 | ta | ||
| 008 | 230509b bl.|||p| |||| 00| 00por d | ||
| 040 |
_aBR-BrBNA _bpor _cBiblioteca Nacional de Agricultura |
||
| 041 | _a(Pt) | ||
| 072 | _aF60 | ||
| 100 | 1 | _aUsberti, R. | |
| 111 | 1 |
_a3. Congresso Brasileiro de Sementes _cCampinas, SP (Brazil) _d30 Aug 1983 |
|
| 245 | 1 | _aDeterminacao do potencial de armazenamento de lotes de sementes de algodoeiro [Gossypium hirsutum] | |
| 246 | 1 | _aDetermination of the relative storability of cotton (Gossypium hirsutum)seed lots | |
| 650 | _aALGODAO | ||
| 650 | _aSEMENTE | ||
| 650 | _aGERMINACAO | ||
| 650 | _aTESTE DE VIGOR | ||
| 650 | _aENVELHECIMENTO | ||
| 773 | 0 |
_tRevista Brasileira de Sementes (Brazil) _xISSN 0101-3122 _g(1984), v. 6(1) p. 11-23 _wBR8401507 |
|
| 909 |
_a202311 _bLúcia _c55 _dLúcia Elande |
||
| 942 |
_2AGRIS _n0 _cANA |
||
| 999 |
_c114220 _d114220 |
||